Statistics for 路面電車のある日本の都市

Click here to take the quiz!

General Stats

  • This quiz has been taken 33 times
  • The average score is 16 of 18

Answer Stats

Answer% Correct
鹿児島
100%
熊本
100%
広島
100%
函館
96%
長崎
96%
札幌
96%
松山
93%
岡山
93%
東京
93%
高知
89%
宇都宮
89%
富山
86%
大阪
86%
京都
82%
71%
豊橋
71%
福井
68%
高岡
61%

Score Distribution

Percentile by Number Answered

Percent of People with Each Score

Your Score History

You have not taken this quiz